[Event "Titled Tue 1st Jul Early"]
[Site "chess.com INT"]
[Date "2025.07.01"]
[Round "4"]
[White "Zaw, Ye Htut"]
[Black "Gogolev, Artem"]
[Result "0-1"]
[WhiteTitle "CM"]
[BlackTitle "IM"]
[WhiteElo "2074"]
[BlackElo "2240"]
[WhiteFideId "13013955"]
[BlackFideId "4116615"]
[EventDate "2025.07.01"]

1. e4 c6 2. d4 d5 3. e5 Bf5 4. h4 h5 5. c4 e6 6. Nc3 Bb4 7. Qb3 Qa5 8. Bd2 dxc4
9. Bxc4 Ne7 10. a3 Bxc3 11. Bxc3 Qc7 12. Bb4 a5 13. Bd6 Qd7 14. Ne2 Nc8 15. Bxb8
Rxb8 16. a4 O-O 17. O-O Ne7 18. Ng3 b5 19. axb5 cxb5 20. Bd3 a4 21. Qd1 Qxd4 22.
Bxf5 Qxd1 23. Raxd1 Nxf5 24. Nxh5 Nxh4 25. Rd7 b4 26. Ra7 Ra8 27. Rb7 Rfb8 28.
Rxb8+ Rxb8 29. Ra1 Ra8 30. Nf4 a3 31. Nd3 Rd8 32. Nxb4 axb2 33. Rb1 Rd2 34. Kf1
Ng6 35. Ke1 Rd4 36. Rxb2 Nxe5 37. Ke2 Re4+ 38. Kf1 g5 39. Nc2 Nc4 40. Rb8+ Kg7
41. f3 Re5 42. Kf2 Ra5 43. g4 Ra2 44. Kg3 0-1

[Event "Titled Tue 1st Jul Early"]
[Site "chess.com INT"]
[Date "2025.07.01"]
[Round "4"]
[White "Pasti, Aron"]
[Black "Barrientos, Ernesto"]
[Result "1-0"]
[WhiteTitle "IM"]
[BlackTitle "CM"]
[WhiteElo "2376"]
[BlackElo "2027"]
[WhiteFideId "785857"]
[BlackFideId "3701247"]
[EventDate "2025.07.01"]

1. e4 c5 2. Nf3 d6 3. d4 cxd4 4. Nxd4 Nf6 5. Nc3 a6 6. Bg5 e6 7. f4 Be7 8. Qf3
Qc7 9. O-O-O Nbd7 10. g4 h6 11. Bxf6 Bxf6 12. h4 Nb6 13. g5 Bxd4 14. Rxd4 Qc5
15. Rd2 Bd7 16. Qd1 hxg5 17. fxg5 Ke7 18. Bd3 Bc6 19. Qf3 Qe5 20. Nd1 g6 21. Ne3
d5 22. Ng4 dxe4 23. Qxf7+ Kxf7 24. Nxe5+ Kg7 25. Nxc6 bxc6 26. Bxe4 Rad8 27.
Bxc6 Nc4 28. Rxd8 Rxd8 29. b3 Ne3 30. Be4 Rd4 31. Bd3 Ng2 32. h5 gxh5 33. Rxh5
Nf4 34. Rh7+ Kg8 35. Rh6 Nxd3+ 36. cxd3 Rxd3 37. Rxe6 Rg3 38. Rxa6 Rxg5 39. a4
Rg2 40. Rb6 Kf7 41. a5 Ke7 42. b4 Ra2 43. a6 Kd7 44. b5 Kc8 45. Kb1 Ra5 46. Kb2
Ra4 47. Kb3 Ra1 48. Rb7 1-0

[Event "Titled Tue 1st Jul Early"]
[Site "chess.com INT"]
[Date "2025.07.01"]
[Round "4"]
[White "Zhigalko, Sergei"]
[Black "Nihal, Sarin"]
[Result "0-1"]
[WhiteTitle "GM"]
[BlackTitle "GM"]
[WhiteElo "2572"]
[BlackElo "2692"]
[WhiteFideId "13502956"]
[BlackFideId "25092340"]
[EventDate "2025.07.01"]

1. e4 e5 2. Nf3 Nf6 3. d4 exd4 4. e5 Ne4 5. Qxd4 d5 6. exd6 Nxd6 7. Nc3 Nc6 8.
Qf4 g6 9. Bb5 Bg7 10. Qe3+ Be6 11. Bxc6+ bxc6 12. Ng5 Nf5 13. Qe4 O-O 14. Nxe6
Re8 15. O-O Rxe6 16. Qa4 Bd4 17. Bf4 Qh4 18. Bg3 Qg4 19. Rae1 Rae8 20. Rxe6 Rxe6
21. Bxc7 Bxf2+ 22. Rxf2 Re1+ 23. Rf1 Ne3 24. Qxg4 Rxf1# 0-1

[Event "Titled Tue 1st Jul Early"]
[Site "chess.com INT"]
[Date "2025.07.01"]
[Round "4"]
[White "Le Phan Hoang Quan"]
[Black "Chan, Yi Ren Daniel"]
[Result "1-0"]
[WhiteTitle "CM"]
[BlackTitle "FM"]
[WhiteElo "1968"]
[BlackElo "2309"]
[WhiteFideId "12432881"]
[BlackFideId "5801583"]
[EventDate "2025.07.01"]

1. d4 Nf6 2. c4 d6 3. Nf3 g6 4. g3 Bg7 5. Bg2 O-O 6. O-O Nbd7 7. Nc3 e5 8. d5 a5
9. e4 Nc5 10. Qc2 Ne8 11. Be3 b6 12. Nd2 f5 13. f4 exf4 14. Bxf4 Nf6 15. Rae1
fxe4 16. Ndxe4 Bf5 17. Qd1 Nfxe4 18. Nxe4 Nxe4 19. Bxe4 Bxb2 20. Bh6 Bg7 21.
Bxg7 Kxg7 22. Bxf5 gxf5 23. Qh5 Qf6 24. Re6 Qd4+ 25. Kg2 Rf7 26. Rxf5 Qd2+ 27.
Kh3 Raf8 28. Qg4+ Kh8 29. Rxf7 Rg8 30. Rxh7+ 1-0

[Event "Titled Tue 1st Jul Early"]
[Site "chess.com INT"]
[Date "2025.07.01"]
[Round "4"]
[White "Guliev, Gasan"]
[Black "Ghoreishi Amiri, Seyed Kian"]
[Result "0-1"]
[WhiteTitle "CM"]
[BlackTitle "CM"]
[WhiteElo "2123"]
[BlackElo "2215"]
[WhiteFideId "34165638"]
[BlackFideId "36757527"]
[EventDate "2025.07.01"]

1. d4 d5 2. Nf3 e6 3. Bg5 Be7 4. h4 h6 5. Bxe7 Nxe7 6. e3 c5 7. dxc5 Qa5+ 8. c3
Qxc5 9. Qd4 Qxd4 10. exd4 Nbc6 11. Nbd2 h5 12. Bb5 f6 13. O-O Bd7 14. Rfe1 Kf7
15. Nb3 b6 16. a4 a5 17. g3 Nf5 18. Bd3 Nd6 19. Nbd2 Ne7 20. b3 Rhc8 21. c4 Nc6
22. Rac1 Nb4 23. Bf1 Ra7 24. cxd5 exd5 25. Rxc8 Bxc8 26. Rc1 Bd7 27. Be2 Bg4 28.
Kg2 Re7 29. Bd1 Ne4 30. Nxe4 Rxe4 31. Rc7+ Kg8 32. Bc2 Bxf3+ 33. Kxf3 Nxc2 34.
Rxc2 Rxd4 35. Ke3 Rb4 36. Rc3 d4+ 0-1

[Event "Titled Tue 1st Jul Early"]
[Site "chess.com INT"]
[Date "2025.07.01"]
[Round "4"]
[White "Yushko, Olga"]
[Black "Yang, Larry"]
[Result "0-1"]
[WhiteTitle "WFM"]
[WhiteElo "2033"]
[BlackElo "2017"]
[WhiteFideId "14114500"]
[BlackFideId "2637618"]
[EventDate "2025.07.01"]

1. d4 Nf6 2. c4 g6 3. Nc3 d5 4. cxd5 Nxd5 5. e4 Nxc3 6. bxc3 Bg7 7. Bc4 c5 8.
Be3 O-O 9. Ne2 Nc6 10. O-O Qc7 11. e5 Rd8 12. Qa4 a6 13. Rad1 b5 14. Bxb5 axb5
15. Qxa8 Bg4 16. Qxd8+ Nxd8 17. f3 Be6 18. d5 Qxe5 19. Kf2 Bxd5 20. Bxc5 Nb7 21.
Bd4 Qf5 22. Bxg7 Kxg7 23. Nd4 Qh5 24. Rfe1 e6 25. Nxb5 Bxf3 26. gxf3 Qxb5 27.
Rb1 Qc5+ 28. Kg2 Nd6 29. Rec1 Nf5 30. Rb2 Qa3 31. Rbc2 Ne3+ 32. Kf2 Nxc2 33.
Rxc2 Qa4 34. Rd2 Qc4 35. Rc2 Qd3 36. Re2 Qxc3 37. Kg3 h5 38. h4 f6 39. Rxe6 Qc7+
40. Kg2 Qa7 41. Re2 g5 42. hxg5 fxg5 43. Kg3 Kf6 44. Rd2 Qc7+ 45. Kg2 Qa5 46.
Rc2 Kf5 47. Rc8 Qxa2+ 48. Kg1 Kf4 49. Rc5 Qa7 0-1

[Event "Titled Tue 1st Jul Early"]
[Site "chess.com INT"]
[Date "2025.07.01"]
[Round "4"]
[White "Ravshanov, Sheralijon"]
[Black "Sharapov, Yevhen"]
[Result "1/2-1/2"]
[WhiteTitle "CM"]
[BlackTitle "GM"]
[WhiteElo "2156"]
[BlackElo "2375"]
[WhiteFideId "14212170"]
[BlackFideId "14103133"]
[EventDate "2025.07.01"]

1. g3 c5 2. Bg2 Nc6 3. Nf3 g6 4. O-O Bg7 5. c4 e5 6. Nc3 d6 7. d3 Nge7 8. h3 O-O
9. e4 Rb8 10. Be3 a6 11. a4 f5 12. Qd2 Nd4 13. Bxd4 exd4 14. Nd5 fxe4 15. dxe4
Nxd5 16. exd5 Bxh3 17. Ng5 Bxg2 18. Ne6 Qf6 19. Kxg2 Rf7 20. Rae1 h5 21. f3 b5
22. axb5 axb5 23. Nf4 Bh6 24. Re6 Bxf4 25. Qd3 bxc4 26. Qe4 Rxb2+ 27. Kh1 Qf5
28. Qxf5 gxf5 29. gxf4 d3 30. Re8+ Kh7 31. Rg1 d2 32. Reg8 d1=Q 33. Rxd1 Kxg8
34. Rg1+ Rg7 35. Rg6 Rxg6 1/2-1/2

[Event "Titled Tue 1st Jul Early"]
[Site "chess.com INT"]
[Date "2025.07.01"]
[Round "4"]
[White "Cunha, Lucas Aguiar"]
[Black "Fernandez Siles, Luis"]
[Result "0-1"]
[WhiteTitle "FM"]
[BlackTitle "FM"]
[WhiteElo "2254"]
[BlackElo "2170"]
[WhiteFideId "2125404"]
[BlackFideId "2209420"]
[EventDate "2025.07.01"]

1. e4 c5 2. Nf3 Nc6 3. d4 cxd4 4. Nxd4 Nf6 5. Nc3 e5 6. Ndb5 d6 7. Nd5 Nxd5 8.
exd5 Nb4 9. a3 Na6 10. Be3 f5 11. f4 exf4 12. Bxf4 Nc7 13. Qe2+ Kf7 14. O-O-O
Nxb5 15. Qxb5 Be7 16. Kb1 Bd7 17. Qb4 a5 18. Qd2 b5 19. Bd3 Rf8 20. h4 Kg8 21.
h5 b4 22. axb4 axb4 23. Qxb4 Qc7 24. Bb5 Bxb5 25. Qxb5 Rfb8 26. Qe2 Qc3 27. Bc1
Bf6 0-1

[Event "Titled Tue 1st Jul Early"]
[Site "chess.com INT"]
[Date "2025.07.01"]
[Round "4"]
[White "Akshit, Kumar J"]
[Black "Sickmann, Lisa"]
[Result "1-0"]
[WhiteTitle "CM"]
[BlackTitle "WFM"]
[WhiteElo "2074"]
[BlackElo "1961"]
[WhiteFideId "25097431"]
[BlackFideId "16267818"]
[EventDate "2025.07.01"]

1. e4 c6 2. d4 d5 3. Nc3 dxe4 4. Nxe4 Nf6 5. Nxf6+ exf6 6. c3 Bd6 7. Bd3 O-O 8.
Ne2 h5 9. Qc2 h4 10. Be3 Re8 11. O-O-O Be6 12. Kb1 b5 13. Bf4 a5 14. g3 h3 15.
c4 b4 16. f3 a4 17. d5 Bc8 18. Bxd6 Qxd6 19. c5 Qe5 20. d6 Nd7 21. Rc1 Ba6 22.
Nf4 g5 23. Bxa6 Rxa6 24. Qc4 Ra5 25. Nd3 Qe3 26. Rhf1 b3 27. Rfe1 Qd2 28. Rxe8+
Kg7 29. Re7 Ne5 30. Nxe5 fxe5 31. Qxf7+ Kh6 32. Qh7# 1-0

[Event "Titled Tue 1st Jul Early"]
[Site "chess.com INT"]
[Date "2025.07.01"]
[Round "4"]
[White "Montano Vicente, Guadalupe"]
[Black "Tang, Terrence"]
[Result "0-1"]
[BlackTitle "CM"]
[WhiteElo "1940"]
[BlackElo "2161"]
[WhiteFideId "5181399"]
[BlackFideId "3244164"]
[EventDate "2025.07.01"]

1. e4 c5 2. Nf3 Nc6 3. d4 cxd4 4. Nxd4 Nf6 5. Nc3 e6 6. Be3 Bb4 7. Bd3 d5 8. O-O
dxe4 9. Nxe4 e5 10. Nxc6 bxc6 11. Bg5 Be7 12. Nxf6+ Bxf6 13. Bxf6 Qxf6 14. Be4
O-O 15. Re1 Rb8 16. b3 Bf5 17. Qf3 Bxe4 18. Qxe4 Rfe8 19. g3 Rbd8 20. Re2 Qd6
21. Rae1 f6 22. Qc4+ Qd5 23. Re4 Re7 24. h4 Kf7 25. R1e3 Qxc4 26. Rxc4 Rd6 27.
Rec3 Ree6 28. Rc5 g5 29. hxg5 fxg5 30. Kg2 Kf6 31. Ra5 Re7 32. Ra6 Rc7 33. b4
Ke6 34. b5 c5 35. Rxd6+ Kxd6 36. a4 c4 0-1

[Event "Titled Tue 1st Jul Early"]
[Site "chess.com INT"]
[Date "2025.07.01"]
[Round "4"]
[White "Amangeldy, Ernur"]
[Black "Sprenar, Petr"]
[Result "1-0"]
[WhiteTitle "FM"]
[BlackTitle "FM"]
[WhiteElo "2195"]
[BlackElo "2318"]
[WhiteFideId "13720244"]
[BlackFideId "397164"]
[EventDate "2025.07.01"]

1. e4 c5 2. Nf3 e6 3. Nc3 Nc6 4. h3 a6 5. d4 cxd4 6. Nxd4 Qc7 7. Nxc6 Qxc6 8. a4
Nf6 9. Bd3 Bb4 10. O-O O-O 11. e5 Bxc3 12. bxc3 Qxc3 13. exf6 Qxa1 14. Qh5 g6
15. Qh4 Qe5 16. Bg5 h5 17. g4 Qd4 18. Be3 Qe5 19. Bg5 Qd4 20. Re1 d5 21. Be3 Qc3
22. gxh5 Qxe1+ 23. Kh2 Qa1 24. Bd4 Qc1 25. hxg6 1-0

[Event "Titled Tue 1st Jul Early"]
[Site "chess.com INT"]
[Date "2025.07.01"]
[Round "4"]
[White "Miserendino, Alfredo"]
[Black "Mishra, Manoj"]
[Result "0-1"]
[BlackTitle "CM"]
[WhiteElo "2032"]
[BlackElo "1941"]
[WhiteFideId "101800"]
[BlackFideId "5006007"]
[EventDate "2025.07.01"]

1. e4 c5 2. Nf3 d6 3. Bb5+ Nd7 4. d4 cxd4 5. Qxd4 Nf6 6. c4 a6 7. Bxd7+ Bxd7 8.
Nc3 e5 9. Qd3 h6 10. b3 Be7 11. Rb1 O-O 12. h3 Be6 13. O-O Qc7 14. Ba3 Rfd8 15.
Rfd1 Qa5 16. Bb2 Nh5 17. Bc1 Rd7 18. Be3 Qd8 19. Kh2 Bg5 20. g3 Qf6 21. Nxg5
hxg5 22. Kg2 g6 23. Qd2 Nf4+ 24. gxf4 gxf4 25. Nd5 Bxd5 26. cxd5 fxe3 27. Qxe3
Kg7 28. Qf3 Qxf3+ 29. Kxf3 Rc7 30. Rbc1 Rac8 31. Rxc7 Rxc7 32. Rd3 f5 33. Ke3
Kf6 34. f4 Rh7 35. fxe5+ Kxe5 36. Kd2 fxe4 37. Rg3 Kxd5 38. Rxg6 Rxh3 39. Rg7
Kd4 40. Rxb7 Rh2+ 41. Ke1 Ke3 42. Kf1 d5 43. Rd7 d4 0-1

[Event "Titled Tue 1st Jul Early"]
[Site "chess.com INT"]
[Date "2025.07.01"]
[Round "4"]
[White "Goncharov, Vladimir"]
[Black "Gattani, Sarthak"]
[Result "1-0"]
[WhiteElo "2077"]
[BlackElo "1944"]
[WhiteFideId "34162256"]
[BlackFideId "30995965"]
[EventDate "2025.07.01"]

1. d4 d5 2. c4 e6 3. Nf3 Nf6 4. g3 Be7 5. Bg2 O-O 6. O-O c6 7. Qc2 b6 8. Nbd2
Bb7 9. e4 Na6 10. a3 c5 11. cxd5 exd5 12. e5 Ne4 13. dxc5 Naxc5 14. b4 Ne6 15.
Nxe4 dxe4 16. Nd2 Rc8 17. Qb1 Qd4 18. Nxe4 Bxe4 19. Bxe4 Qxe5 20. Bxh7+ Kh8 21.
Bb2 Qh5 22. Be4 Ng5 23. Bg2 Nf3+ 24. Bxf3 Qxf3 25. Qd1 Qf5 26. Qd2 Bg5 27. Qd1
Rfd8 28. Qh5+ Kg8 29. h4 Qc2 30. Bxg7 Kxg7 31. Qxg5+ Kf8 32. Rac1 Qg6 33. Rxc8
Rxc8 34. Qxg6 fxg6 35. Re1 Rc3 36. Re3 Rc1+ 37. Kg2 Kf7 38. g4 Kf6 39. Kg3 Rg1+
40. Kf4 Rh1 41. Rc3 Rxh4 42. Rc6+ Ke7 43. Rxg6 Rh1 44. Rg7+ Kf6 45. Rxa7 Rf1 46.
f3 Rc1 47. Ra6 Rc4+ 48. Kg3 Rc6 49. a4 Kg6 50. a5 1-0

[Event "Titled Tue 1st Jul Early"]
[Site "chess.com INT"]
[Date "2025.07.01"]
[Round "4"]
[White "Brancaleoni, Maurizio"]
[Black "Feng, Eric"]
[Result "0-1"]
[WhiteTitle "FM"]
[WhiteElo "2185"]
[BlackElo "2194"]
[WhiteFideId "803022"]
[BlackFideId "30952590"]
[EventDate "2025.07.01"]

1. Nf3 c6 2. e4 d5 3. Nc3 Nf6 4. e5 Nfd7 5. d4 e6 6. Ne2 c5 7. c3 Nc6 8. Be3 Be7
9. h4 f6 10. Nf4 Nf8 11. exf6 Bxf6 12. Bb5 Bd7 13. Bxc6 Bxc6 14. Nd3 cxd4 15.
Bxd4 Nd7 16. Qe2 O-O 17. Qxe6+ Kh8 18. O-O-O Qa5 19. Kb1 Rae8 20. Qg4 Re4 21.
Qg3 Bxd4 22. Nxd4 Nc5 23. b4 Qa3 24. Nxc5 Ref4 25. Rd2 Be8 26. h5 R4f6 27. Nce6
Rg8 28. h6 Bg6+ 29. Ka1 gxh6 30. Qe5 Qxc3+ 31. Rb2 Rf8 32. Nxf8 Kg7 33. Nfe6+
Kf7 34. Nd8+ Kg7 35. Qe7+ Bf7 36. N8e6+ Kg6 37. Nf8+ Kg7 38. Nde6+ Kg8 39. Rh3
Qe1+ 40. Rb1 Qe5+ 41. Rb2 Rxf2 42. Rg3+ Qxg3 43. Qe8 Rf1+ 44. Rb1 Qe5+ 0-1

[Event "Titled Tue 1st Jul Early"]
[Site "chess.com INT"]
[Date "2025.07.01"]
[Round "4"]
[White "Sarveshwaran V"]
[Black "Vihaan Karthikeya N"]
[Result "1-0"]
[WhiteTitle "CM"]
[BlackTitle "CM"]
[WhiteElo "2290"]
[BlackElo "2179"]
[WhiteFideId "25699016"]
[BlackFideId "25950673"]
[EventDate "2025.07.01"]

1. e4 c6 2. d4 d5 3. Nc3 dxe4 4. Nxe4 Bf5 5. Ng3 Bg6 6. h4 h6 7. h5 Bh7 8. Nf3
Nf6 9. Bd3 Bxd3 10. Qxd3 e6 11. Bf4 Be7 12. Ne5 Nbd7 13. O-O-O Nxe5 14. Bxe5 Qd5
15. Kb1 O-O 16. f3 Nd7 17. Bf4 Bf6 18. Ne4 Qf5 19. Bd6 Rfd8 20. g4 Qd5 21. c4
Qa5 22. Qe3 Re8 23. f4 Bd8 24. g5 f5 25. Nc3 hxg5 26. fxg5 f4 27. Bxf4 Qf5+ 28.
Ka1 Rf8 29. Bd6 Bxg5 30. Qg3 Rf7 31. h6 gxh6 32. Rxh6 Rg7 33. Rhh1 Qg6 34. Qh2
Kf7 35. Rdf1+ Nf6 36. d5 cxd5 37. cxd5 Re8 38. Be5 Ke7 39. Qf2 Ng4 40. Qc5+ Kd8
41. Qd6+ Kc8 42. Qb8+ Kd7 43. Qc7# 1-0

[Event "Titled Tue 1st Jul Early"]
[Site "chess.com INT"]
[Date "2025.07.01"]
[Round "4"]
[White "Keatinge-Clay, Adrian"]
[Black "Gajic, Mladen"]
[Result "0-1"]
[WhiteTitle "FM"]
[BlackTitle "FM"]
[WhiteElo "2232"]
[BlackElo "2246"]
[WhiteFideId "2011867"]
[BlackFideId "1709178"]
[EventDate "2025.07.01"]

1. d4 Nf6 2. c4 c5 3. d5 e6 4. Nc3 exd5 5. cxd5 d6 6. e4 g6 7. Nf3 Bg7 8. Be2
O-O 9. O-O Bg4 10. Nd2 Bxe2 11. Qxe2 Re8 12. Re1 Na6 13. a3 Nc7 14. Qd3 a6 15.
a4 b5 16. axb5 axb5 17. Rxa8 Qxa8 18. Kf1 c4 19. Qg3 b4 20. Nd1 Qa6 21. Re2 c3
22. bxc3 Nfxd5 23. c4 Nc3 24. Re1 Nxe4 25. Nxe4 Qxc4+ 26. Kg1 Rxe4 27. Rxe4 Qxe4
28. Qe3 Qxe3 29. Nxe3 b3 30. Nc4 d5 31. Nb2 Nb5 32. Kf1 Na3 33. Ke2 Bxb2 34.
Bxb2 Nc4 35. Bd4 b2 36. Bxb2 Nxb2 37. Ke3 Nd1+ 0-1

[Event "Titled Tue 1st Jul Early"]
[Site "chess.com INT"]
[Date "2025.07.01"]
[Round "4"]
[White "Mizzi, Jack"]
[Black "Exposito Milan, Adrian"]
[Result "1-0"]
[WhiteTitle "CM"]
[BlackTitle "FM"]
[WhiteElo "2106"]
[BlackElo "2179"]
[WhiteFideId "5602521"]
[BlackFideId "24556645"]
[EventDate "2025.07.01"]

1. d4 d5 2. c4 e6 3. Nf3 c5 4. g3 Nc6 5. cxd5 exd5 6. Bg2 Nf6 7. O-O Be7 8. dxc5
Bxc5 9. a3 Ne4 10. b4 Be7 11. Bb2 O-O 12. Nc3 Bf6 13. Rc1 Nxc3 14. Bxc3 d4 15.
Ba1 a6 16. Nd2 Re8 17. Ne4 Bg4 18. Bf3 Bxf3 19. exf3 Be5 20. Re1 g6 21. Nc5 Re7
22. Nxb7 Rxb7 23. Rxc6 Bg7 24. Qd3 Qd5 25. Rxa6 Rc8 26. Ra5 Qd6 27. Ra6 Qd5 28.
Ra5 Qd6 29. Kg2 Rbc7 30. Ra6 Qd5 31. Ra5 Qd6 32. Re4 Rc1 33. Bb2 R1c2 34. Bxd4
R2c4 35. Ra8 Rxa8 36. Qxc4 Rc8 37. Qxc8+ 1-0

[Event "Titled Tue 1st Jul Early"]
[Site "chess.com INT"]
[Date "2025.07.01"]
[Round "4"]
[White "Arslanov, Shamil"]
[Black "Alonso Rosell, Alvar"]
[Result "0-1"]
[WhiteTitle "IM"]
[BlackTitle "GM"]
[WhiteElo "2410"]
[BlackElo "2536"]
[WhiteFideId "4192826"]
[BlackFideId "2270544"]
[EventDate "2025.07.01"]

1. d4 c5 2. b4 cxd4 3. Qxd4 Nc6 4. Qd2 Qb6 5. Nf3 Qxb4 6. Nc3 Nf6 7. Rb1 Qa5 8.
e4 a6 9. Bd3 e6 10. O-O Be7 11. Re1 d6 12. Rb3 O-O 13. Bb2 e5 14. Ra3 Qd8 15.
Nd5 Be6 16. c4 Nd7 17. Bb1 Nc5 18. h4 Rc8 19. Ng5 h6 20. Nxe6 fxe6 21. Rg3 Bxh4
22. Rg6 Bxf2+ 23. Kf1 Be3+ 24. Ke2 Bxd2 25. Kxd2 exd5 26. exd5 Nd4 0-1

[Event "Titled Tue 1st Jul Early"]
[Site "chess.com INT"]
[Date "2025.07.01"]
[Round "4"]
[White "Zilleruelo Irizarry, Diego"]
[Black "Fomevor, Cephas Clinton"]
[Result "0-1"]
[WhiteTitle "CM"]
[BlackTitle "CM"]
[WhiteElo "2085"]
[BlackElo "1883"]
[WhiteFideId "3101460"]
[BlackFideId "12601330"]
[EventDate "2025.07.01"]

1. Nf3 d5 2. b3 Nf6 3. Bb2 Bf5 4. e3 e6 5. Be2 c5 6. O-O Be7 7. c4 O-O 8. cxd5
exd5 9. d4 Nc6 10. Nbd2 Rc8 11. dxc5 Bxc5 12. Rc1 Be7 13. Nd4 Bg6 14. Nxc6 bxc6
15. Ba6 Rc7 16. Bc3 Ba3 17. Ra1 Qe7 18. Nf3 Ne4 19. Ba5 Rd7 20. Nd2 Bb2 21. Rb1
Nxd2 22. Qxd2 Bxb1 23. Qxb2 Be4 24. Rc1 Qg5 25. f4 Qg6 26. Bb4 Rb8 27. Bc5 h5
28. Bf1 h4 29. Qe5 Rc8 30. b4 h3 31. g3 Qg4 32. Bd4 f6 33. Bxh3 Qxh3 34. Qe6+
Qxe6 0-1

[Event "Titled Tue 1st Jul Early"]
[Site "chess.com INT"]
[Date "2025.07.01"]
[Round "4"]
[White "Andrade, Ivan"]
[Black "Khazan, Yevgeny"]
[Result "1-0"]
[WhiteTitle "FM"]
[BlackTitle "CM"]
[WhiteElo "2136"]
[BlackElo "2135"]
[WhiteFideId "14800039"]
[BlackFideId "2806193"]
[EventDate "2025.07.01"]

1. e4 c5 2. Nf3 e6 3. d4 cxd4 4. Nxd4 Nf6 5. Nc3 d6 6. Be3 Be7 7. f3 Nc6 8. Qd2
Nxd4 9. Qxd4 O-O 10. O-O-O a6 11. g4 Nd7 12. g5 b5 13. h4 Qa5 14. Kb1 b4 15. Ne2
e5 16. Qd2 Bb7 17. Nc1 f5 18. gxf6 Nxf6 19. Bc4+ Kh8 20. Rhg1 Nh5 21. Qe2 Nf4
22. Qh2 Rac8 23. Bb3 d5 24. Bxf4 exf4 25. exd5 Bf6 26. Nd3 Bxd5 27. h5 Bxf3 28.
Nxf4 Be4 29. Ng6+ Bxg6 30. hxg6 h6 31. Rd5 Qc7 32. Qg2 Rfd8 33. Rh5 1-0

[Event "Titled Tue 1st Jul Early"]
[Site "chess.com INT"]
[Date "2025.07.01"]
[Round "4"]
[White "Sakun, Volodymyr"]
[Black "Dudzinski, Pawel"]
[Result "0-1"]
[WhiteTitle "FM"]
[BlackTitle "FM"]
[WhiteElo "2301"]
[BlackElo "2191"]
[WhiteFideId "14114062"]
[BlackFideId "1117890"]
[EventDate "2025.07.01"]

1. d4 f5 2. Nc3 d5 3. f3 c5 4. e4 dxe4 5. d5 exf3 6. Qxf3 Nf6 7. Bf4 e6 8. O-O-O
Qb6 9. Nb5 Na6 10. dxe6 Bxe6 11. Nd6+ Ke7 12. Bc4 Ne4 13. Bxe6 Kxe6 14. Nxe4
fxe4 15. Qxe4+ Kf7 16. Nf3 h6 17. Ne5+ Kg8 18. Ng6 Nb4 19. Qc4+ Kh7 20. Nxh8
Kxh8 21. c3 Nc6 22. Rhe1 Be7 23. Bd6 Na5 24. Qe6 Bg5+ 25. Kb1 Rd8 26. Ka1 Bf4
27. Be5 Rxd1+ 28. Rxd1 Qxe6 29. Bxf4 Qe2 30. Rg1 Qf2 0-1

[Event "Titled Tue 1st Jul Early"]
[Site "chess.com INT"]
[Date "2025.07.01"]
[Round "4"]
[White "Petersen, Marcel"]
[Black "Tyukhanov, Alexey"]
[Result "1-0"]
[WhiteTitle "CM"]
[BlackTitle "CM"]
[WhiteElo "2236"]
[BlackElo "2218"]
[WhiteFideId "12935670"]
[BlackFideId "24149829"]
[EventDate "2025.07.01"]

1. e4 c6 2. d4 d5 3. exd5 cxd5 4. c4 Nf6 5. Nc3 e6 6. Bf4 Bb4 7. c5 O-O 8. Ne2
b6 9. a3 Bxc3+ 10. Nxc3 bxc5 11. dxc5 Nc6 12. Bb5 Bd7 13. O-O Re8 14. Re1 a6 15.
Bxc6 Bxc6 16. Qd4 Nd7 17. Bd6 Qg5 18. f4 Qg4 19. h3 Qg6 20. b4 Nf6 21. a4 Ne4
22. b5 Nxc3 23. bxc6 Qc2 24. Kh2 Ne4 25. c7 Rac8 26. Rab1 h5 27. Rb8 h4 28. Reb1
Kh7 29. Qd1 Qc3 30. Qh5+ Kg8 31. Qxh4 Nxc5 32. Rxc8 Rxc8 33. Rb8 Ne4 34. Rxc8# 1-0

[Event "Titled Tue 1st Jul Early"]
[Site "chess.com INT"]
[Date "2025.07.01"]
[Round "4"]
[White "Jiganchine, Roman"]
[Black "Murthy, Pappu"]
[Result "1-0"]
[WhiteTitle "CM"]
[WhiteElo "2205"]
[BlackElo "1836"]
[WhiteFideId "2603667"]
[BlackFideId "2013401"]
[EventDate "2025.07.01"]

1. Nf3 d5 2. e3 Nf6 3. c4 c6 4. Nc3 e6 5. b3 Bd6 6. Bb2 O-O 7. Qc2 Nbd7 8. Rg1
Qe7 9. g4 dxc4 10. bxc4 e5 11. g5 Nh5 12. Be2 g6 13. Ne4 Bc7 14. c5 Ng7 15. Rc1
Re8 16. h4 Nf5 17. h5 Nf8 18. Nf6+ Kh8 19. Nxe8 Qxe8 20. Bc4 Kg8 21. h6 b5 22.
cxb6 axb6 23. Bb3 c5 24. Bd5 Rb8 25. Nh2 Be6 26. Bxe6 Nxe6 27. Ng4 Qe7 28. Nf6+
Kh8 29. Qe4 1-0

[Event "Titled Tue 1st Jul Early"]
[Site "chess.com INT"]
[Date "2025.07.01"]
[Round "4"]
[White "Pranav, V"]
[Black "Chigaev, Maksim"]
[Result "1-0"]
[WhiteTitle "GM"]
[BlackTitle "GM"]
[WhiteElo "2594"]
[BlackElo "2628"]
[WhiteFideId "25060783"]
[BlackFideId "4108116"]
[EventDate "2025.07.01"]

1. e4 c5 2. Nf3 g6 3. d4 cxd4 4. Qxd4 Nf6 5. Bb5 Nc6 6. Bxc6 bxc6 7. e5 Nd5 8.
O-O Bg7 9. Nc3 Nxc3 10. bxc3 d6 11. Qh4 dxe5 12. Bh6 Bf6 13. Qa4 Qc7 14. Rfe1
Rb8 15. Rad1 Bd7 16. h3 Rg8 17. h4 Rb5 18. c4 Qa5 19. Qxa5 Rxa5 20. Rb1 Bc8 21.
Red1 e6 22. Rb8 Ke7 23. Bd2 Ra4 24. Bb4+ Rxb4 25. Rxb4 h6 26. Rb8 e4 27. Nh2
Bxh4 28. Ng4 h5 29. Ne5 c5 30. Nc6+ Kf6 31. Nxa7 1-0

[Event "Titled Tue 1st Jul Early"]
[Site "chess.com INT"]
[Date "2025.07.01"]
[Round "4"]
[White "Marchesich, Giovanni"]
[Black "Ketzetzis, Georgios"]
[Result "1-0"]
[WhiteTitle "CM"]
[BlackTitle "FM"]
[WhiteElo "2189"]
[BlackElo "2292"]
[WhiteFideId "2824790"]
[BlackFideId "4215206"]
[EventDate "2025.07.01"]

1. d4 d5 2. Nc3 e6 3. Bf4 Bb4 4. e3 Nf6 5. Ne2 b6 6. a3 Bd6 7. Bxd6 Qxd6 8. Nf4
O-O 9. g4 c5 10. g5 Ne4 11. Nxe4 dxe4 12. c3 Bb7 13. h4 Nc6 14. Bg2 e5 15. dxe5
Qxd1+ 16. Rxd1 Nxe5 17. Ke2 Ba6+ 18. Ke1 Nd3+ 19. Nxd3 Bxd3 20. Rxd3 exd3 21.
Bxa8 Rxa8 22. c4 a6 23. Kd2 Rd8 24. Rc1 h6 25. Rc3 hxg5 26. hxg5 Re8 27. Kxd3
Kh7 28. Rb3 Re6 29. f4 Kg6 30. Ke2 f5 31. Rd3 b5 32. Rd5 Rc6 33. Kd3 Rc7 34.
Rd6+ Kh5 35. Rxa6 Rd7+ 36. Ke2 bxc4 37. Rb6 Rd3 38. Rb5 Rd5 39. Kf3 Kg6 40. a4
Kf7 41. Rb7+ Kg6 42. a5 Rd6 43. Rb6 1-0